000 00768nas a2200265 4500
001 BR2015005224
003 BR-BrBNA
005 20231205125730.0
007 ta
008 230509b bl.|||p| |||| 00| 00por d
040 _aBR-BrBNA
_bpor
_cBiblioteca Nacional de Agricultura
041 _a(Pt)
072 _aE21
100 1 _aChies, V.
245 1 _aDo campo para a indústria: matérias-primas para biorrefinarias
650 _aREFINARIA
650 _aCANA DE ACUCAR
650 _aSORGO ACUCAREIRO
650 _aINDUSTRIA AGRICOLA
650 _aPRODUCAO
650 _aETANOL
773 0 _tAgroenergia em Revista (Brazil)
_xISSN 2238-1023
_g(May 2012), v. 3(4) p. 13-16
_wBR2015005224
909 _a202311
_bLúcia
_c55
_dLúcia Elande
942 _2AGRIS
_n0
_cANA
999 _c245821
_d245821